Dragon's breath #2 / E.D. Baker.
Available copies
- 1 of 1 copy available at LARL/NWRL Consortium.
- 1 of 1 copy available at Northwest Regional Library. (Show)
Current holds
0 current holds with 1 total copy.
Show Only Available Copies
| Location | Call Number / Copy Notes | Barcode | Shelving Location | Status | Due Date |
|---|---|---|---|---|---|
| Roseau Public Library | j BAK (Text) | 35500004757744 | Main | Available | - |
Record details
- ISBN: 1582346666 (pbk.)
- ISBN: 9781582346663
- Physical Description: 292 p. ; 21 cm.
- Publisher: New York : Bloomsbury Children's Books, 2005, c2003.
Content descriptions
| General Note: | Sequel to: The frog princess. |
| Summary, etc.: | Having recovered their human shape, Emeralda and ... Read More |
Search for related items by subject
| Subject: | Fairy tales. Witches > Juvenile fiction. Magic > Juvenile fiction. Princesses > Juvenile fiction. Princes > Juvenile fiction. Humorous stories. |
Search for related items by series
| LDR | 01207nam a2200313Ia 4500 | ||
|---|---|---|---|
| 001 | 125960 | ||
| 003 | LARL_NWRL_CONSORTIUM | ||
| 005 | 20051117084915.0 | ||
| 008 | 050926t20052003nyu c 000 1 eng d | ||
| 020 | . | ‡a1582346666 (pbk.) | |
| 020 | . | ‡a9781582346663 | |
| 040 | . | ‡aGCV ‡cGCV ‡dBAKER ‡dGZD | |
| 049 | . | ‡aNRG | |
| 082 | 0 | 4. | ‡a[Fic] ‡222 |
| 100 | 1 | . | ‡aBaker, E. D. ‡0(LARL_NWRL_CONSORTIUM)133005 |
| 245 | 1 | 0. | ‡aDragon's breath ‡n#2 / ‡cE.D. Baker. |
| 260 | . | ‡aNew York : ‡bBloomsbury Children's Books, ‡c2005, c2003. | |
| 300 | . | ‡a292 p. ; ‡c21 cm. | |
| 490 | 0 | . | ‡aTales of the Frog Princess ; ‡v2 |
| 500 | . | ‡aSequel to: The frog princess. | |
| 520 | . | ‡aHaving recovered their human shape, Emeralda and Eadric try to help Aunt Grassina find the special objects needed to break the spell that turned Grassina's true love, Haywood, into an otter. | |
| 650 | 0. | ‡aFairy tales. ‡0(LARL_NWRL_CONSORTIUM)19913 | |
| 650 | 0. | ‡aWitches ‡vJuvenile fiction. ‡0(LARL_NWRL_CONSORTIUM)168005 | |
| 650 | 0. | ‡aMagic ‡vJuvenile fiction. ‡0(LARL_NWRL_CONSORTIUM)165990 | |
| 650 | 0. | ‡aPrincesses ‡vJuvenile fiction. ‡0(LARL_NWRL_CONSORTIUM)166862 | |
| 650 | 0. | ‡aPrinces ‡vJuvenile fiction. ‡0(LARL_NWRL_CONSORTIUM)174397 | |
| 650 | 0. | ‡aHumorous stories. ‡0(LARL_NWRL_CONSORTIUM)22555 | |
| 901 | . | ‡a125960 ‡bISxN ‡c125960 ‡tbiblio | |

Add to basket
Permalink
Disable Highlighting